Personnages de Gintama - Statistiques

Statistiques générales
  • Ce quiz a été pris 5 fois
  • Le résultat moyen est 14 sur 26
Statistiques - réponses
Par images Réponse % Correct
Sakata Gintoki
100%
Shimura Shinpachi
100%
Elizabeth
75%
Isao Kondo
75%
Kagura
75%
Kotaro Katsura
75%
Okita Sogo
75%
Shinsuke Takasugi
75%
Toshiro Hijikata
75%
Ayame Sarutobi
50%
Imai Nobume
50%
Kamui
50%
Oboro
50%
Sadaharu
50%
Shimura Otae
50%
Shoyo Yoshida
50%
Tama
50%
Tatsuma Sakamoto
50%
Terakado Tsuu
50%
Tsukuyo
50%
Hattori Zenzou
25%
Hitotsubashi Nobu Nobu
25%
Sasaki Isaburo
25%
Taizo Hasegawa
25%
Tokugawa Shigeshige
25%
Yagyuu Kyuubei
25%
Aucun quiz correspondant
Distribution des résultats
% des personnes avec chaque résultat
Percentile par nombre de réponses
Votre historique - résultats
Vous n’avez pas pris ce quiz